000 00688nam a2200229 4500
003 OSt
005 20260530113856.0
008 260420b1968 sp a|||| |||| 00| 0 spa d
040 _aICI
_bspa
_cICI
050 _aGV423
_bL5
100 1 _aLedermans, Alfred,
_931740
245 1 0 _aParques infantiles y centros recreativos. alfred ledermann y alfred trachsel /
_ctraducción de Juan José Garrido
250 _a2
264 1 _bBlume,
_c1968
_aBarcelona :
300 _a176 páginas
_c22 cm.
336 _atexto
_2rdacontent
337 _asin medio
_2rdamedia
338 _avolumen
_2rdacarrier
650 4 _aCampos de juegos
_931741
700 _aTrachsel, Alfred
_931742
942 _2ddc
_cBK
999 _c11624
_d11624